000 00709nmc a2200253 a 4500
003 AR-BaBNM
005 20251128211607.0
008 154120s1986 ||||||||||||||000 | spa||
020 _a84-297-2458-3
040 _cAR-BaBNM
100 1 _aSmith, Robert
245 1 0 _aLa sociedad japonesa
_btradición, identidad personal y orden social
260 _aBarcelona
_bPenínsula
_c1986
300 0 _a189 p.
490 0 _aHomo sociologicus
_v36
650 4 _aSOCIOLOGIA CULTURAL
650 4 _aANTROPOLOGIA CULTURAL Y SOCIAL
650 4 _aCOSTUMBRES Y TRADICIONES
650 4 _aTRADICION CULTURAL
651 4 _aJapón
700 1 _aGalmarini, Marco Aurelio
_etraductor
942 _cBK
998 _cmariana
999 _c20345
_d20345